000
00265nam a2200121Ia 4500
100
_a
Schildt/ Herbert
942
_c
RB
654
_a
C++
245
_a
C++ Complete Reference
260
_b
Osborne McGraw Hill
_a
Berkeley
_c
1991
300
_a
594
546
_a
ENGLISH
999
_c
20569
_d
20569